MARC

LEADER 00000nam0a2200000 4500
001 261500
005 20231101233553.0
010 |a 5211005872 
035 |a (RuTPU)RU\TPU\book\284481 
090 |a 261500 
100 |a 20140523d1988 m y0rusy50 ca 
101 0 |a rus 
102 |a RU 
105 |a a j 001zy 
200 1 |a Практикум по теории вероятностей и математической статистике  |f Московский государственный университет им. М. В. Ломоносова (МГУ) ; под ред. Ю. К. Беляева, В. П. Носко 
210 |a Москва  |c Изд-во Московского ун-та  |d 1988 
215 |a 92 с.  |c ил. 
225 1 |a Математика 
320 |a Библиография в конце статей 
606 1 |a Вероятностей теория и математическая статистика  |2 stltpush  |3 (RuTPU)RU\TPU\subj\2260  |9 30847 
610 1 |a практикумы 
610 1 |a задачи 
610 1 |a решение 
610 1 |a ЭВМ 
610 1 |a применение 
610 1 |a учебные пособия 
675 |a 519.2(076.5)  |v 3 
702 1 |a Беляев  |b Ю. К.  |4 340 
702 1 |a Носко  |b В. П.  |4 340 
712 0 2 |a Московский государственный университет им. М. В. Ломоносова (МГУ)  |b Механико-математический факультет  |2 stltpush  |3 (RuTPU)RU\TPU\col\7 
801 1 |a RU  |b 63413507  |c 20140523 
801 2 |a RU  |b 63413507  |c 20150508  |g RCR 
942 |c BK